| 000 | 00951pam a2200313 a 4500 | ||
|---|---|---|---|
| 999 |
_c2280 _d2280 |
||
| 001 | 014627036 | ||
| 003 | Uk | ||
| 005 | 20230410095500.0 | ||
| 008 | 080422s2008 enka j 000 1 eng d | ||
| 015 |
_aGBA870968 _2bnb |
||
| 016 | 7 |
_a014627036 _2Uk |
|
| 020 | _a9780746095836 (hbk.) : | ||
| 040 |
_aStDuBDS _beng _cStDuBDS _dUk _dKH8 |
||
| 042 | _aukblcatcopy | ||
| 082 | 0 | 4 |
_a823.92 MAC _222 |
| 100 | 1 |
_aMackinnon, Mairi. _eauthor |
|
| 245 | 1 | 0 |
_aSun and the wind / _cMairi Mackinnon ; illustrated by Francesca Di Chiara. |
| 260 |
_aLondon : _bUsborne, _c2008. |
||
| 300 |
_a1 v. : 24p; _bchiefly col. ill. ; _c25 cm. |
||
| 336 |
_atext _2rdacontent |
||
| 337 |
_aunmediated _2rdamedia |
||
| 338 |
_avolume _2rdacarrier |
||
| 490 | 0 | _aPicture storybooks | |
| 500 |
_aFormerly CIP. _5Uk |
||
| 655 | 7 |
_aFables. _2gsafd |
|
| 655 | 7 |
_aChildren's stories _vPictorial works. _2gsafd |
|
| 700 | 1 |
_aDi Chiara, Francesca. _eillustrator |
|
| 942 |
_2ddc _cNFIC |
||